| 000 | 00627cam a22001577a 4500 | ||
|---|---|---|---|
| 008 | 180718b1997 xxu||||| |||| 00| 0 eng d | ||
| 082 | _aAPPPA 96-97 BAN | ||
| 100 | _aBansal, R.K. | ||
| 245 |
_aFormulation of quality audit plans for the equipments of A.C. electric locomotive for Indian railways with specific reference to maintenance aspects _cby R.K. Bansal |
||
| 260 |
_aNew Delhi _bIndian Institute of Public Administration _c1997 |
||
| 300 | _a117p. | ||
| 500 | _aAn APPPA M.Phil dissertation, 1996-97 | ||
| 650 | _aAPPPA | ||
| 650 | _aIndian Railways - Auditing | ||
| 650 | _aRailroads - Equipments and supplies - India | ||
| 999 |
_c482107 _d482107 |
||